书目信息 |
| 题名: |
杜甫与秦陇文化论集
|
|
| 作者: | 刘跃进 主编 | |
| 分册: | ||
| 出版信息: | 北京 中国社会科学出版社 2018 |
|
| 页数: | 309页 | |
| 开本: | 24cm | |
| 丛书名: | ||
| 单 册: | ||
| 中图分类: | I207.227.423-53 , K294.1-53 | |
| 科图分类: | ||
| 主题词: | 杜诗--du shi--诗歌研究--文集 , 文化史--wen hua shi--陕西--文集 | |
| 电子资源: | ||
| ISBN: | 978-7-5203-2225-6 | |
| 000 | 01038nam0 2200265 450 | |
| 001 | 012001006399 | |
| 005 | 20131016144530.0 | |
| 010 | @a978-7-5203-2225-6@dCNY89.00 | |
| 099 | @aCAL 012018044048 | |
| 100 | @a20180423d2018 em y0chiy50 ea | |
| 101 | 0 | @achi |
| 102 | @aCN@b110000 | |
| 105 | @ay z 000yy | |
| 106 | @ar | |
| 200 | 1 | @a杜甫与秦陇文化论集@Adu fu yu qin long wen hua lun ji@f刘跃进主编 |
| 210 | @a北京@c中国社会科学出版社@d2018 | |
| 215 | @a309页@d24cm | |
| 330 | @a本书为2016年杜甫与秦陇文化学术研讨会学术论文集。本次研讨会由中国文学史料学会、《杜甫研究学刊》编辑部、西北师范大学文学院、陇南师范高等专科学校主办,30多名来自全国各地的杜甫研究专家学者参加会议,并以“杜甫与秦陇文化”为主题,重点对杜甫在甘肃的行迹、诗歌创作等进行了探讨。 | |
| 606 | 0 | @a杜诗@Adu shi@x诗歌研究@j文集 |
| 606 | 0 | @a文化史@Awen hua shi@y陕西@j文集 |
| 690 | @aI207.227.423-53@v5 | |
| 690 | @aK294.1-53@v5 | |
| 701 | 0 | @a刘跃进@Aliu yue jin@4主编 |
| 801 | 2 | @aCN@b上海新华@c20191020 |
| 905 | @b1099515-9@dI207.227.423-53@e1165@f5 | |
| 杜甫与秦陇文化论集/刘跃进主编.-北京:中国社会科学出版社,2018 |
| 309页;24cm |
| ISBN 978-7-5203-2225-6:CNY89.00 |
| 本书为2016年杜甫与秦陇文化学术研讨会学术论文集。本次研讨会由中国文学史料学会、《杜甫研究学刊》编辑部、西北师范大学文学院、陇南师范高等专科学校主办,30多名来自全国各地的杜甫研究专家学者参加会议,并以“杜甫与秦陇文化”为主题,重点对杜甫在甘肃的行迹、诗歌创作等进行了探讨。 |
| ● |
| 相关链接 |
|
|
|
|
正题名:杜甫与秦陇文化论集
索取号:I207.227.423-53/1165
 
预约/预借
| 序号 | 登录号 | 条形码 | 馆藏地/架位号 | 状态 | 备注 |
| 1 | 1099515 | 210995155 | 第一样本阅览室/ [索取号:I207.227.423-53/1165] | 在馆 | |
| 2 | 1099516 | 210995164 | 第二借阅区/ [索取号:I207.227.423-53/1165] | 在馆 | |
| 3 | 1099517 | 210995173 | 第二借阅区/ [索取号:I207.227.423-53/1165] | 在馆 | |
| 4 | 1099518 | 210995182 | 第二借阅区/ [索取号:I207.227.423-53/1165] | 在馆 | |
| 5 | 1099519 | 210995191 | 第二借阅区/ [索取号:I207.227.423-53/1165] | 在馆 |